Principles of farm irrigation system design / (Record no. 167269)

MARC details
000 -LEADER
fixed length control field 00776pam a2200229 a 4500
003 - CONTROL NUMBER IDENTIFIER
control field OSt
005 - DATE AND TIME OF LATEST TRANSACTION
control field 20260420153924.0
008 - FIXED-LENGTH DATA ELEMENTS--GENERAL INFORMATION
fixed length control field
020 ## - INTERNATIONAL STANDARD BOOK NUMBER
International Standard Book Number 0894648020 (Hardcover)
040 ## - CATALOGING SOURCE
Transcribing agency NUST
Original cataloging agency NUST
Language of cataloging eng
Modifying agency NUST
Description conventions rda
050 ## - LIBRARY OF CONGRESS CALL NUMBER
Classification number TC805
Item number JAM
100 1# - MAIN ENTRY--PERSONAL NAME
Personal name James, Larry G.
Relator term author
245 10 - TITLE STATEMENT
Title Principles of farm irrigation system design /
Statement of responsibility, etc. Larry G. James.
260 ## - PUBLICATION, DISTRIBUTION, ETC.
Place of publication, distribution, etc. Malabar. :
Name of publisher, distributor, etc. Krieger,
Date of publication, distribution, etc. ©1988.
300 ## - PHYSICAL DESCRIPTION
Extent xv, 543 pages :
Other physical details illustrations ;
Dimensions 24 cm.
336 ## - CONTENT TYPE
Source rdacontent
Content type term text
Content type code txt
337 ## - MEDIA TYPE
Source rdamedia
Media type term unmediated
Media type code n
338 ## - CARRIER TYPE
Source rdacarrier
Carrier type term volume
Carrier type code nc
504 ## - BIBLIOGRAPHY, ETC. NOTE
Bibliography, etc. note Includes bibliographical references and index.
650 #0 - SUBJECT ADDED ENTRY--TOPICAL TERM
Topical term or geographic name entry element Irrigation engineering.
942 ## - ADDED ENTRY ELEMENTS (KOHA)
Koha item type Ordinary Loan Books
Call number prefix TC805
Call number suffix JAM
Koha issues (borrowed), all copies 1
Source of classification or shelving scheme Library of Congress Classification
Classification part TC805 JAM
Suppress in OPAC No
Holdings
Withdrawn status Lost status Source of classification or shelving scheme Damaged status Not for loan Collection Home library Current library Shelving location Date acquired Source of acquisition Cost, normal purchase price Total Checkouts Full call number Barcode Date last seen Date last checked out Accession number Cost, replacement price Price effective from Koha item type Public note
    LCC     NFIC MAIN MAIN GEN 01/23/2023 Purchase 80.00 2 TC805 JAM 92004044048 06/03/2024 05/20/2024 17/846 80.00 01/23/2023 BOOKS Purchase